| 000 | 00467nam a2200193Ia 4500 | ||
|---|---|---|---|
| 003 | STCL | ||
| 008 | 230729s9999 xx 000 0 und d | ||
| 020 | _a9788131703069 | ||
| 040 |
_aSTCL _cSTCL _bEN |
||
| 082 | _222 | ||
| 100 | _aCharniak, Eugene | ||
| 245 | 0 | _aIntroduction to artificial intelligence | |
| 260 |
_bPearson Education _aNoida _c2006 |
||
| 300 | _a701 p | ||
| 365 | _b475 | ||
| 546 | _aEnglish | ||
| 700 | _aMcDermott, Drew | ||
| 942 |
_2DDC _e22 _cBK |
||
| 999 |
_c90293 _d90293 |
||